Sports Quiz

Random Sports or NBA Quiz

Original NBA Team Name Quiz Stats

 Plays Quiz not verified by Sporcle

Challenge
Share
Tweet
Embed
Score 0/30 Timer 08:00
1 Play Today
current team original team % Correct
Memphis Grizzlies???
73%
Oklahoma City Thunder???
69.8%
New Orleans Pelicans???
68.3%
Golden State Warriors???
68.3%
Cleveland Cavaliers???
68.3%
Miami Heat???
65.1%
Chicago Bulls???
65.1%
Boston Celtics???
65.1%
Toronto Raptors???
61.9%
Portland Trail Blazers???
61.9%
New York Knicks???
61.9%
Indiana Pacers???
61.9%
Denver Nuggets???
61.9%
San Antonio Spurs???
60.3%
Orlando Magic???
60.3%
current team original team % Correct
Minnesota Timberwolves???
60.3%
Milwaukee Bucks???
60.3%
Dallas Mavericks???
60.3%
Charlotte Hornets???
60.3%
Los Angeles Lakers???
57.1%
Phoenix Suns???
55.6%
Utah Jazz???
47.6%
Houston Rockets???
42.9%
Sacramento Kings???
39.7%
Los Angeles Clippers???
39.7%
Philadelphia 76ers???
36.5%
Brooklyn Nets???
36.5%
Detroit Pistons???
33.3%
Washington Wizards???
23.8%
Atlanta Hawks???
14.3%

You're not logged in!

Compare scores with friends on all Sporcle quizzes.
Join for Free
OR
Log In

You Might Also Like...

Show Comments

Extras

Top Quizzes Today


Score Distribution

Your Account Isn't Verified!

In order to create a playlist on Sporcle, you need to verify the email address you used during registration. Go to your Sporcle Settings to finish the process.

Report this User

Report this user for behavior that violates our Community Guidelines.

Details: